Longman language activator : The world's first production dictionary
Salvato in:
| Natura: | Libro |
|---|---|
| Lingua: | inglese |
| Pubblicazione: |
Essex :
Longman Group UK,
1993
|
| Edizione: | 1.vyd. |
| Tags: |
Nessun Tag, puoi essere il primo ad aggiungerne!!
|
MARC
| LEADER | 00000nam a22000003a 4500 | ||
|---|---|---|---|
| 001 | stu5050 | ||
| 005 | 20141122103308.3 | ||
| 008 | 940111s1993----xxu-----------------eng-d | ||
| 020 | |a 0-582-04093-0 | ||
| 040 | |a STU |b slo | ||
| 041 | 0 | |a eng | |
| 044 | |a xxu | ||
| 080 | |a 801.316.4=20 | ||
| 245 | |a Longman language activator : |b The world's first production dictionary | ||
| 250 | |a 1.vyd. | ||
| 260 | |a Essex : |b Longman Group UK, |c 1993 | ||
| 300 | |a 1587 s | ||
| 996 | |b C96170 |c C*96170 |l CCXVIII |s P |a 0 |w stu5050_0001 | ||
| 996 | |b E78673 |c E*78673 |l EE18 |s P |a 0 |w stu5050_0002 | ||